000
003050000a22001450004500
003
MACL
040
_a
MACL
090
_c
5753
_d
5752
100
_a
Scott, David C.
245
_a
Kabir Mythology
260
_b
Bharatiya Vidya Prakashan
_c
1985
350
_a
150
650
_a
Religion
942
_c
BOOK
_k
294.572
999
_c
5710
_d
5710